000 00470nam a2200145Ia 4500
008 170224s9999 xx 000 0 und d
100 _aSoledad Moya
245 _aPerformance-based Incentives and the Behavior of Accounting Academics: Responding to Changes
245 _cSoledad Moya, Diego Prior & Gonzalo Rodríguez-Pérez
260 _bAccounting Education
260 _c2015
300 _a24:3, Pages: 208-232
650 _xAccountancy
650 _xAccounting
999 _c316137
_d316137